Ballon d'or 2003 - Statistiques

Statistiques générales
  • Ce quiz a été pris 115 fois
  • Le résultat moyen est 14 sur 26
Statistiques - réponses
Rang Joueurs Nationalité Points % Correct
5 Zinédine Zidane France 64
100%
1 Pavel Nedvěd République Tchèque 190
99%
2 Thierry Henry France 128
97%
4 Andriy Chevtchenko Ukraine 67
91%
11 Ronaldo Brésil 11
90%
3 Paolo Maldini Italie 123
85%
Ronaldinho Brésil 1
83%
9 Gianluigi Buffon Italie 19
72%
8 Roberto Carlos Brésil 27
65%
7 Raúl Espagne 32
59%
Zlatan Ibrahimović Suède 2
59%
10 David Beckham Angleterre 17
57%
Alessandro Nesta Italie 4
55%
6 Ruud van Nistelrooy Pays-Bas 61
52%
Alessandro Del Piero Italie 4
49%
12 Henrik Larsson Suède 6
49%
13 Deco Portugal 4
45%
22 Filippo Inzaghi Italie 1
41%
Francesco Totti Italie 3
40%
20 Michael Ballack Allemagne 2
34%
Dida Brésil 4
24%
Francesco Toldo Italie 1
10%
Jan Koller République Tchèque 1
9%
Adrian Mutu Roumanie 1
7%
Roy Makaay Pays-Bas 4
6%
18 Nihat Turquie 3
3%
Aucun quiz correspondant
Distribution des résultats
% des personnes avec chaque résultat
Percentile par nombre de réponses
Votre historique - résultats
Vous n’avez pas pris ce quiz